| 000 | 03591nam a2200301Ia 4500 | ||
|---|---|---|---|
| 005 | 20250223033135.0 | ||
| 008 | 231030s9999 xx 000 0 und d | ||
| 049 | _aDeposit | ||
| 082 | _a540 | ||
| 097 | _aM.Sc | ||
| 099 | _aCai01.12.02.M.Sc.2022.Ya.E | ||
| 100 | _aYasmine Sayed Azouz, | ||
| 245 | 4 |
_aThe Effect of Culture System on EmbryonicDevelopment and Aneuploidy Rate in ICSI Cases / _cBy Yasmine Sayed Azouz ; Supervisor Mohamed Refaat Shehata, Heba Ali Abd ElRahman, Mohamed Abbas Eid. |
|
| 246 | _aاثر نظام الاستزراع على التطور الجنیني ومعدل اختلال الصیغة الصبغیة فى حالات الحقن المجھري | ||
| 260 | _c2022. | ||
| 502 | _aThesis (M.Sc.)-Cairo University,2022. | ||
| 504 | _aBibliography: p. 46-39. | ||
| 520 | _aأھم خطوة في تقنیات المساعدة على الإنجاب ھي نظام الاستزراع. وبالتالي ، فھو یتلاعب بنجاح دورات التلقیح الاصطناعي والتطور الجنیني. عادة ما یتم الحفاظ على استقرار الزراعة الجنینیة باستخدام البارافین والزیوت المعدنیة. ھناك بیانات محدودة تتعلق بتراكب الزیت في أن ظمة الاستزراع ، باستثناء دراسة سیفر التي درس فیھا المؤلفون تأثیر أنواع الزیوت التجاریة المختلفة على التطور الجنیني البشري ، ھناك القلیل من الأدبیات المتعلقة بالزیت المستخدم كتراكب في أنظمة الاستزراع الجنیني على الرغم من تأثیره. عامل آخر مھم في نظام الاستزراع ھو الأطباق. تتمیز الأطباق بخصوصیة السیاسات والإجراءات المستخدمة في العلاج بمضادات الفیروسات القھقریة وھي مصممة للاستخدام في عیادات المساعدة على الإنجاب. ھناك العدید من الأحجام والأشكال التي یمكن الوصول إلیھا من ھذه الأطباق بما في ذلك أطباق الحقن المجھري وأطباق متعددة . لاستبعاد احتمال التعرض لخطر التلوث في الحقن المجھري ، یستخدم الاختبار الجیني قبل الزرع بشكل شائع خلال الدورة. قد یتأثر عدد غیر طبیعي للكروموسومات في الأجنة بعوامل مختلفة مثل تركیز الاكسجین والأسمولیة ودرجة الحرارة ودرجة الحموضة ونظام الاستزراع. اختلال الصیغة الصبغیة ھو السبب الرئیسي للعیوب الخلقیة وفقدان ال حمل المتكرر وفشل الانغراس وتوقف الجنین. یمكن تحدید واختیار الأجنة التي تتمتع بأفضل فرص التطور والنتائج في عملیات التلقیح الصناعي من خلال توظیف الاختبارات الجینیة السابقة للزرع لاختلال الصیغة الصبغیة وزراعة الأجنة الممتدة من البدایة حتى مرحلة الكیسة الأریمیة. (PGT-A) | ||
| 650 | _aChemistry | ||
| 653 | _aIVF media | ||
| 700 | _aMohamed Refaat Shehata | ||
| 856 | _uhttp://172.23.153.220/th.pdf | ||
| 905 | _aMohamady | ||
| 942 |
_cTH _2ddc |
||
| 999 |
_c164670 _d164670 |
||
| 336 |
_2rda content _atext |
||
| 337 |
_2rdamedia _aUnmediated |
||
| 338 |
_2rdacarrier _avolume |
||